| 000 | 00776pam a2200277 a 4500 | ||
|---|---|---|---|
| 999 |
_c8559 _d8559 |
||
| 001 | 8559 | ||
| 003 | BD-JhCC | ||
| 005 | 20180227162716.0 | ||
| 008 | 860807s1987 nyuaf 001 0 eng | ||
| 020 | _a0827326629 | ||
| 035 | _a(BD-JhCC)8559 | ||
| 040 |
_aDLC _cDLC _dDLC _dBD-JhCC |
||
| 041 | _aeng | ||
| 050 | 0 | 0 |
_aT47 _b.G63 1987 |
| 082 | 0 | 0 |
_a600 _219 _bGOE 1987 |
| 100 | 1 | _aGoetsch, David L. | |
| 245 | 1 | 0 |
_aTechnology and you / _cDavid L. Goetsch, John A. Nelson. |
| 260 |
_aAlbany, N.Y. : _bDelmar Publishers, _cc1987. |
||
| 300 |
_axxiii, 456 p., [16] p. of plates : _bill. (some col.) ; _c24 cm. |
||
| 500 | _aIncludes index. | ||
| 650 | 0 | _aTechnology. | |
| 650 | 0 | _aIndustrial arts. | |
| 700 | 1 |
_aNelson, John A., _d1935- |
|
| 942 |
_2ddc _cBK |
||